El profesor universitario y la evaluación de los alumnos

Saved in:
Bibliografiske detaljer
Hovedforfatter: Contreras Muñoz, Emilio (Author)
Format: Bog
Sprog:spansk
Udgivet: Madrid ICE 1990
Fag:
Tags: Tilføj Tag
Ingen Tags, Vær først til at tagge denne postø!

MARC

LEADER 00000nam a2200000 a 4500
001 UCK9326
003 CL-VaPUC
008 060428e19900000SP |||||||||||||||||spa|d
020 |a 846007434X 
082 0 4 |a 378.12  |b CON  |2 21 
100 0 |a Contreras Muñoz, Emilio  |e author  |9 499055 
245 1 3 |a El profesor universitario y la evaluación de los alumnos 
300 |a 252 p 
942 |c BK 
945 |d 20060428 00:00:00  |a cmena 
260 |a Madrid  |b ICE  |c 1990 
650 0 |a Evaluación docente  |9 382859 
650 0 |a Evaluación de la educación   |9 237505 
650 0 |a Calidad de la educación   |9 307271 
650 0 |a Formación profesional de profesores  |9 307493 
650 0 |a Educación superior   |9 223851 
650 0 |a Universidades  |9 256317 
583 |a last modification  |c 20060428 00:00:00  |k Rodrigo Vera 
999 |c 316542  |d 316540 
952 |0 0  |1 0  |4 0  |6 378_120000000000000_CON_1990  |7 0  |8 A  |9 390993  |a BIBEDU  |b BIBEDU  |d 2019-11-22  |i 4224647  |o 378.12 CON 1990  |p 4224647  |r 2019-11-22  |w 2019-11-22  |y BK  |k EDU